000
00340 a2200169 4500
001
58679
020
_a
8533602200
040
_c
Anchieta - Pituba
100
_a
Sousa, Cruz e
240
1
0
_a
Missal
_l
por
245
1
0
_a
Missal
300
_a
199
362
0
_a
1993
440
1
_a
Martins Fontes
650
4
_a
Poesia portuguesa
942
_c
BK
999
_c
58679
_d
58679